000 00289nam a22001217a 4500
008 170620b xxu||||| |||| 00| 0 eng d
041 _aeng
080 _a32
100 _a20
101 _aSHP
245 _aTHE ACCES GUIDE TO ETHNIC CONFLICTS IN EUROPE
_cSEYMORE.B
942 _2udc
_cBK
999 _c18347
_d18347